|
|
|
|
| LEADER |
00942nam a2200301 4500 |
| 001 |
DLU090091163 |
| 005 |
##20091201 |
| 040 |
# |
# |
|a DLU
|b eng
|
| 041 |
# |
# |
|a eng
|
| 044 |
# |
# |
|a us
|
| 100 |
# |
# |
|a Krapivka, Ariel.
|
| 245 |
# |
# |
|a Coupled genetic algorith--linear programming scheme for least-cost pipe sizing of water-distribution systems /
|c Ariel Krapivka, Avi Ostfeld.
|
| 653 |
# |
# |
|a Costs
|
| 653 |
# |
# |
|a Optimization
|
| 653 |
# |
# |
|a Pipes
|
| 653 |
# |
# |
|a Water distribution systems
|
| 653 |
# |
# |
|a Water pipelines
|
| 700 |
# |
# |
|a Ostfeld, Avi.
|
| 773 |
# |
# |
|t Journal of Water Resources Planning and Management
|g Vol. 135, no. 4 (July/August 2009), p. 298-302
|
| 920 |
# |
# |
|a Phòng Tạp chí -- Trung tâm Thông tin - Thư viện Trường Đại học Đà Lạt
|
| 994 |
# |
# |
|a DLU
|
| 900 |
# |
# |
|a True
|
| 911 |
# |
# |
|a Trương Bảo Trâm Anh
|
| 925 |
# |
# |
|a G
|
| 926 |
# |
# |
|a A
|
| 927 |
# |
# |
|a BB
|
| 980 |
# |
# |
|a Thư viện Trường Đại học Đà Lạt
|